Calidad Académica y Autonomía Responsable : (Registro nro. 6023)

Detalles MARC
000 -LEADER
fixed length control field 01069nam a2200241Ia 4500
003 - CONTROL NUMBER IDENTIFIER
control field OSt
005 - DATE AND TIME OF LATEST TRANSACTION
control field 20200903135335.0
008 - FIXED-LENGTH DATA ELEMENTS--GENERAL INFORMATION
fixed length control field 191128s2013 ck ad gr 000 0 spa d
020 ## - INTERNATIONAL STANDARD BOOK NUMBER
International Standard Book Number 9789587615487
040 ## - CATALOGING SOURCE
Original cataloging agency CO-JMCR
Transcribing agency CO-JMCR
041 0# - LANGUAGE CODE
Language code of text/sound track or separate title spa
082 04 - DEWEY DECIMAL CLASSIFICATION NUMBER
Classification number 378.107 /
Item number U538c
Edition number 23
110 1# - MAIN ENTRY--CORPORATE NAME
Corporate name or jurisdiction name as entry element Universidad Nacional de Colombia
9 (RLIN) 9734
245 10 - TITLE STATEMENT
Title Calidad Académica y Autonomía Responsable :
Remainder of title plan global de desarrollo 2013-2015 /
Statement of responsibility, etc. Universidad Nacional de Colombia, Oficina Nacional de Planeacio
260 ## - PUBLICATION, DISTRIBUTION, ETC.
Place of publication, distribution, etc. Bogotá :
Name of publisher, distributor, etc. Universidad Nacional de Colombia,
Date of publication, distribution, etc. 2013.
300 ## - PHYSICAL DESCRIPTION
Extent 151 páginas :
Other physical details gráficos a blanco y negro ;
Dimensions 22 x 22 cm.
504 ## - BIBLIOGRAPHY, ETC. NOTE
Bibliography, etc. note Bibliografía : páginas 143-145.
505 0# - FORMATTED CONTENTS NOTE
Formatted contents note Análisis de contexto de la Universidad -- Principales tendencias de la Universidad Nacional de Colombia -- Plan global de desarrollo 2013-2015 "Calidad ecadémica y autonomía responsable"
650 24 - SUBJECT ADDED ENTRY--TOPICAL TERM
Topical term or geographic name entry element Tendencias universitarias
9 (RLIN) 9735
650 24 - SUBJECT ADDED ENTRY--TOPICAL TERM
Topical term or geographic name entry element Calidad académica
9 (RLIN) 9736
710 1# - ADDED ENTRY--CORPORATE NAME
Corporate name or jurisdiction name as entry element Universidad Nacional de Colombia
9 (RLIN) 9734
942 ## - ADDED ENTRY ELEMENTS (KOHA)
Source of classification or shelving scheme Dewey Decimal Classification
Koha item type Books
Existencias
Withdrawn status Lost status Source of classification or shelving scheme Materials specified (bound volume or other part) Damaged status Not for loan Home library Current library Shelving location Date acquired Source of acquisition Full call number Barcode Date last seen Copy number Price effective from Koha item type
    Dewey Decimal Classification Donación--15/04/2018--     Biblioteca Pública José María del Castillo y Rada Biblioteca Pública José María del Castillo y Rada General Stacks 11/28/2019 Donación 378.107 / U538c 430011636 05/16/2024 Ej.1 11/28/2019 Books